00458nam a2200121Ia 4500008004100000020001800041100002200059245011200081260004900193300005000242650002500292650001900317181023s9999 xx 000 0 und d a9789719808466 aYuvienco, Joel C. cJoel C. YuviencoaMedia and information literacy:bbeing a B.E.S.T. digital citizen for senior high school/ aQuezon City:bC and E Publishing, Inc.c2017 avii, 169 pages :bcol. illustration ;c25 cm. aInformation literacy aMedia literacy